| 000 | 01004nam a2200301 i 4500 | ||
|---|---|---|---|
| 003 | EG-GICUC | ||
| 005 | 20260121101517.0 | ||
| 008 | 251217s1931 uk | ||fr|||| 001 0 eng d | ||
| 040 |
_aEG-GiCUC _cEG-GiCUC _dEG-GiCUC _erda _beng |
||
| 041 | _aeng | ||
| 082 | 0 | 4 |
_221 _a341.84 _bHI . L |
| 092 | 0 | 4 | _221 |
| 099 | _aLaw1 12 341.84 HI . L 1931 | ||
| 100 | 1 |
_aHibbert, W. Nembhard, _d1873-1936, _eAuthor. |
|
| 245 | 1 | 0 |
_aLeading Cases in Conflict of Laws / _cby W. Nembhard Hibbert, LL. D. (Lond. |
| 264 | 1 |
_aLondon : _bStevens & sons ; _bSweet & Maxwell Limited, _c1931. |
|
| 300 |
_axxi , 298 Page ; _c24 cm. |
||
| 336 |
_2rda content _atext |
||
| 337 |
_2rda media _aComputer |
||
| 338 |
_2rda carrier _aOnline Resource |
||
| 504 | _a0Include Bibliographic references | ||
| 546 | _aText in English | ||
| 650 | 1 | 4 |
_aconflict of laws _xPrivate international law |
| 651 | 1 | _2qrmak | |
| 856 | 4 | 0 | _uhttps://fll.law.cu.edu.eg/fulltext/bks/B12-01577.pdf |
| 905 |
_a75 _eHassnaa |
||
| 942 |
_2ddc _cBK _e21 _n0 |
||
| 999 |
_c51170 _d51170 |
||